000 01038nas a2200325 4500
001 BR2011004778
003 BR-BrBNA
005 20231205115540.0
007 ta
008 230509b bl.|||p| |||| 00| 00por d
040 _aBR-BrBNA
_bpor
_cBiblioteca Nacional de Agricultura
041 _a(En)
072 _aF04
100 1 _aLeal, R.M.P.
100 1 _aFirme, L.P.
100 1 _aMontes, C.R.
100 1 _aMelfi, A.J.
100 1 _aPiedade, S.M. de S.
245 1 _aSoil exchangeble cations, sugarcane production and nutrient uptake after wastewater irrigation
246 1 _aSoil exchangeble cations, sugarcane production and nutrient uptake after wastewater irrigation
650 _aCANA DE AÇÚCAR
650 _aSOLO
650 _aCÁTION
650 _aFERTIRRIGAÇÃO
650 _aABSORÇÃO DE NUTRIENTES
650 _aRESÍDUO
773 0 _tScientia Agricola (Brazil)
_xISSN 0103-9016
_g(Mar-Apr 2009), v. 66(2) p. 242-249
_wBR2011004778
909 _a202311
_bLúcia
_c55
_dLúcia Elande
942 _2AGRIS
_n0
_cANA
999 _c214381
_d214381